| 000 | 00550nam a22001697a 4500 | ||
|---|---|---|---|
| 005 | 20231103083722.0 | ||
| 008 | 231103b |||||||| |||| 00| 0 eng d | ||
| 020 | _a409018708 | ||
| 041 | _aEnglish | ||
| 082 | _a346.6 CIL | ||
| 100 |
_aCilliers, HS and Benade, ML _lEnglish |
||
| 245 |
_aCompany Law Practitioner's Edition / _cHS Cilliers and ML Benade |
||
| 260 |
_aDurban : _bButterworth and Company (Pty) Ltd, _c1973 |
||
| 300 |
_bxlix, 926 pages ; _c25 cm. |
||
| 650 |
_aLegal practice _bLaw |
||
| 942 |
_cBK _6ALISON_BN_VRIES |
||
| 999 |
_c280 _d280 |
||